[Event "EU-ch blitz"]
[Site "Minsk"]
[Date "2015.12.18"]
[Round "18.33"]
[White "Makovskis, Georgijs"]
[Black "Pogosian, Manvel"]
[Result "1/2-1/2"]
[WhiteElo "2236"]
[BlackElo "2382"]
[PlyCount "132"]
[EventDate "2015.12.18"]
[EventType "swiss (blitz)"]
[EventRounds "22"]
[EventCountry "BLR"]
[SourceTitle "EXT 2017"]
[Source "ChessBase"]
[SourceDate "2016.10.25"]
[SourceVersion "1"]
[SourceVersionDate "2016.10.25"]
[SourceQuality "1"]

1. e4 c6 2. d4 d5 3. exd5 cxd5 4. Nf3 Nc6 5. Bd3 Bg4 6. c3 Qc7 7. 0-0 e6 8. Be3 Bd6 9. h3 Bh5 10. Nbd2 Nge7 11. Re1 Bg6 12. Nf1 Bxd3 13. Qxd3 a6 14. Rac1 b5 15. Bg5 0-0 16. Bxe7 Qxe7 17. Ne3 Qf6 18. Ng4 Qg6 19. Qd2 Rae8 20. Nge5 Nxe5 21. Nxe5 Bxe5 22. Rxe5 f6 23. Re3 Qf7 24. Rce1 Re7 25. f4 Rfe8 26. Qe2 Kf8 27. a4 Kg8 28. axb5 axb5 29. Qxb5 Rb7 30. Qxd5 Rxb2 31. Rxe6 Rf8 32. Rd6 Rc2 33. Qxf7+ Kxf7 34. Rd7+ Kg6 35. Re3 Kf5 36. Rxg7 Kxf4 37. Rf3+ Ke4 38. Rxh7 Rg8 39. Re7+ Kd5 40. Rf2 Rxc3 41. Rf7 Rxh3 42. R7xf6 Kxd4 43. Rf8 Rhg3 44. Rxg8 Rxg8 45. Re2 Kd3 46. Re7 Rg6 47. Kf2 Kd4 48. Kf3 Rf6+ 49. Kg4 Rg6+ 50. Kh3 Rh6+ 51. Kg3 Rg6+ 52. Kf3 Rf6+ 53. Ke2 Rg6 54. Kf2 Rf6+ 55. Kg1 Rg6 56. Re8 Kd5 57. Re3 Kd4 58. Re8 Kd5 59. Kf2 Rf6+ 60. Kg1 Rg6 61. Re1 Kd4 62. Re2 Kd3 63. Re8 Kd4 64. Re1 Kd3 65. Re5 Kd4 66. Re8 Kd3 1/2-1/2

[Event "EU-ch blitz"]
[Site "Minsk"]
[Date "2015.12.18"]
[Round "16.31"]
[White "Razin, Vadim"]
[Black "Makovskis, Georgijs"]
[Result "0-1"]
[WhiteElo "2345"]
[BlackElo "2236"]
[PlyCount "66"]
[EventDate "2015.12.18"]
[EventType "swiss (blitz)"]
[EventRounds "22"]
[EventCountry "BLR"]
[SourceTitle "EXT 2017"]
[Source "ChessBase"]
[SourceDate "2016.10.25"]
[SourceVersion "1"]
[SourceVersionDate "2016.10.25"]
[SourceQuality "1"]

1. d4 Nf6 2. Nf3 g6 3. Bg5 Bg7 4. Nbd2 d5 5. e3 0-0 6. Bd3 c5 7. c3 Nc6 8. 0-0 Bg4 9. h3 Bxf3 10. Nxf3 cxd4 11. exd4 e6 12. Ne5 Qc7 13. Qe2 a6 14. Rae1 Nxe5 15. dxe5 Nd7 16. f4 Rfe8 17. Bh4 b5 18. Bf2 Bf8 19. h4 h5 20. g4 hxg4 21. Qxg4 Bc5 22. h5 Nf8 23. hxg6 fxg6 24. Bxg6 Re7 25. Kh2 Rg7 26. Bxc5 Qxc5 27. f5 exf5 28. Rxf5 Nxg6 29. Rg1 Re8 30. Rg5 Qf2+ 31. Rg2 Rh7+ 32. Rh5 Rxh5+ 33. Qxh5 Qxg2+ 0-1

[Event "EU-ch blitz"]
[Site "Minsk"]
[Date "2015.12.18"]
[Round "20.20"]
[White "Romanov, Evgeny"]
[Black "Makovskis, Georgijs"]
[Result "1-0"]
[WhiteElo "2590"]
[BlackElo "2236"]
[PlyCount "91"]
[EventDate "2015.12.18"]
[EventType "swiss (blitz)"]
[EventRounds "22"]
[EventCountry "BLR"]
[SourceTitle "EXT 2017"]
[Source "ChessBase"]
[SourceDate "2016.10.25"]
[SourceVersion "1"]
[SourceVersionDate "2016.10.25"]
[SourceQuality "1"]

1. d4 Nf6 2. Nf3 g6 3. Bg5 Bg7 4. Nbd2 d5 5. e3 c6 6. Bd3 0-0 7. 0-0 Bg4 8. h3 Bxf3 9. Nxf3 Nbd7 10. Qe2 Re8 11. c4 e5 12. dxe5 Nxe5 13. Nxe5 Rxe5 14. Bf4 Re8 15. Rad1 Qb6 16. b3 Rad8 17. Qc2 Qc5 18. Rfe1 Qe7 19. Bh2 h5 20. cxd5 Nxd5 21. Bc4 Kh7 22. e4 Nc3 23. Rxd8 Rxd8 24. e5 Nd5 25. Bg3 h4 26. Bh2 Bh6 27. Qe4 Nc3 28. Qf3 Nd5 29. g4 Bg5 30. Rd1 Qe6 31. Qe4 b5 32. Bxd5 Rxd5 33. Rxd5 Qxd5 34. Qxd5 cxd5 35. f4 Be7 36. Kf2 Bc5+ 37. Ke2 Kg8 38. f5 Kf8 39. Bf4 gxf5 40. gxf5 Bd4 41. Kd3 Bb2 42. Bh6+ Ke7 43. Bg5+ Kd7 44. Bf6 a6 45. e6+ fxe6 46. fxe6+ 1-0

[Event "EU-ch blitz"]
[Site "Minsk"]
[Date "2015.12.18"]
[Round "21.27"]
[White "Tukhaev, Adam"]
[Black "Makovskis, Georgijs"]
[Result "1-0"]
[WhiteElo "2564"]
[BlackElo "2236"]
[PlyCount "61"]
[EventDate "2015.12.18"]
[EventType "swiss (blitz)"]
[EventRounds "22"]
[EventCountry "BLR"]
[SourceTitle "EXT 2017"]
[Source "ChessBase"]
[SourceDate "2016.10.25"]
[SourceVersion "1"]
[SourceVersionDate "2016.10.25"]
[SourceQuality "1"]

1. e4 c5 2. Nf3 d6 3. d4 cxd4 4. Nxd4 Nf6 5. Nc3 Nc6 6. Bg5 e6 7. Qd2 a6 8. 0-0-0 Qc7 9. f4 Bd7 10. Kb1 Be7 11. Nf3 0-0-0 12. Bh4 Rhe8 13. Bd3 h6 14. Bf2 Nb4 15. a3 Nxd3 16. cxd3 Bc6 17. Rc1 Qa5 18. Nd4 Rd7 19. Nb3 Qh5 20. Na4 Rc7 21. Bb6 Bd8 22. Bxc7 Bxc7 23. Nc3 d5 24. e5 Nd7 25. Nd4 Nb8 26. Nce2 Kd7 27. Qb4 Qg6 28. Qb3 Qxg2 29. Nxc6 Qxe2 30. Qxb7 Qxd3+ 31. Ka1 1-0

[Event "Pardubice Jihlavanka op"]
[Site "Pardubice"]
[Date "2007.07.24"]
[Round "5"]
[White "Makovskis, Georgijs"]
[Black "Warakomska, Anna"]
[Result "1-0"]
[WhiteElo "2226"]
[BlackElo "2135"]
[PlyCount "51"]
[EventDate "2007.07.20"]
[EventType "swiss"]
[EventRounds "9"]
[EventCountry "CZE"]
[SourceTitle "EXT 2009"]
[Source "ChessBase"]
[SourceDate "2008.11.26"]
[SourceVersion "1"]
[SourceVersionDate "2008.11.26"]
[SourceQuality "1"]

1. e4 c5 2. Nf3 e6 3. d4 cxd4 4. Nxd4 a6 5. Nc3 Qc7 6. Bd3 Nf6 7. 0-0 Bc5 8. Be3 0-0 9. Kh1 d6 10. f4 Nbd7 11. Qf3 b5 12. Nde2 Bb7 13. Ng3 Rac8 14. Rae1 Bxe3 15. Qxe3 g6 16. a3 Rfe8 17. h3 e5 18. f5 Qc5 19. Qg5 Kg7 20. fxg6 fxg6 21. Nf5+ Kh8 22. Nh4 Kg7 23. Re3 Nh5 24. Ref3 Nf4 25. g3 h6 26. Nf5+ 1-0

[Event "Plunge op"]
[Site "Plateliai"]
[Date "2001.??.??"]
[Round "?"]
[White "Makovskis, Georgijs"]
[Black "Batyte, Daiva"]
[Result "1-0"]
[WhiteElo "2228"]
[BlackElo "2118"]
[PlyCount "61"]
[EventDate "2001.07.??"]
[EventType "swiss"]
[EventRounds "9"]
[EventCountry "LTU"]
[SourceTitle "EXT 2005"]
[Source "ChessBase"]
[SourceDate "2004.11.15"]
[SourceVersion "1"]
[SourceVersionDate "2004.11.15"]
[SourceQuality "1"]

1. e4 e6 2. d4 d5 3. Nd2 c5 4. exd5 Qxd5 5. Ngf3 cxd4 6. Bc4 Qd6 7. 0-0 Nf6 8. Nb3 Nc6 9. Nbxd4 Nxd4 10. Nxd4 a6 11. Be3 Qc7 12. Bb3 Bd6 13. h3 0-0 14. Qf3 Bd7 15. Bg5 Be5 16. Rad1 Rac8 17. Rfe1 h6 18. Bh4 Bxd4 19. Rxd4 Bc6 20. Qd3 Nd5 21. Bg3 Qa5 22. c3 Bb5 23. Qd2 Bc6 24. Be5 f5 25. Qd3 Rce8 26. Qg3 Rf7 27. Qg6 Bd7 28. Kh2 Qd8 29. Rxd5 exd5 30. Bxd5 Rxe5 31. Qxf7+ 1-0